| 000 | 00419nam a22001697a 4500 | ||
|---|---|---|---|
| 999 |
_c3071 _d3070 |
||
| 005 | 20211113102503.0 | ||
| 008 | 160618b xxu||||| |||| 00| 0 eng d | ||
| 020 | _a0-7069-7421-2 | ||
| 041 | _aeng | ||
| 082 | _b8104 | ||
| 100 |
_aVarma M L _91985 |
||
| 245 | _aForeign Trade Mgt. in India | ||
| 260 |
_aNew Delhi _bVikas Publishing House (P) Ltd. _c2003 |
||
| 300 | _a313 | ||
| 650 |
_aManagement _9241 |
||
| 942 | _cBK | ||